Capital Cities Of Asia - Statistics

General Stats
  • This quiz has been taken 2,526 times
  • The average score is 24 of 49
Answer Stats
Countries Answer % Correct
Japan Tokyo
88%
China Beijing
87%
India New Delhi
83%
Israel Jerusalem
73%
Russia Moscow
73%
South Korea Seoul
73%
Indonesia Jakarta
71%
Afghanistan Kabul
69%
Singapore Singapore
67%
Iraq Baghdad
63%
Iran Tehran
63%
Thailand Bangkok
62%
Philippines Manila
61%
Malaysia Kuala Lumpur
60%
North Korea Pyongyang
60%
Kuwait Kuwait City
57%
Azerbaijan Baku
55%
Turkey Ankara
53%
Pakistan Islamabad
52%
Bangladesh Dhaka
51%
Cyprus Nicosia
50%
United Arab Emirates Abu Dhabi
49%
Lebanon Beirut
49%
Qatar Doha
49%
Vietnam Hanoi
49%
Mongolia Ulaanbaatar
49%
Nepal Kathmandu
46%
Taiwan Taipei
45%
Saudi Arabia Riyadh
44%
Georgia Tbilisi
44%
Jordan Amman
43%
Armenia Yerevan
43%
Cambodia Phnom Penh
42%
Syria Damascus
41%
Maldives Male
39%
Kazakhstan Nur-Sultan
39%
Oman Muscat
34%
Bahrain Manama
33%
Laos Vientiane
31%
Brunei Bandar Seri Begawan
29%
Yemen Sana'a
28%
Bhutan Thimphu
28%
Kyrgyzstan Bishkek
27%
Uzbekistan Tashkent
27%
Timor-Leste (East Timor) Dili
26%
Myanmar Naypyidaw
21%
Turkmenistan Ashgabat
19%
Sri Lanka Sri Jayawardenepura Kotte
19%
Tajikistan Dushanbe
16%
No matching quizzes found
Score Distribution
Percent of People with Each Score
Percentile by Number Answered
Your Score History
You have not taken this quiz